LDR 00630naa#a2200169#i#450# 001 EN\\bibl\126600 005 20260704183736.6 011 ## _a2222-7962 100 ## _a20260628b2026####ek#y0engy0150####ca 102 ## _aRU 200 1# _aStudy of methods to reduce the influence of surface tension force during flotation of coniferous seeds _eJournal article 210 1# _aVoronezh _cFSBE Institution of Higher Education Voronezh State University of Forestry and Technologies named after G.F. Morozov _d2026 215 ## _a16 с. 608 ## _aJournal article _2local 700 #1 _aLavrenov _gMaksim Aleksandrovich 700 #1 _aKotov _gA. 856 4# _anaukaru.ru _u